عرض عادي
عرض مارك
- Spencer, Brenda H.
مدخل إسم شخص
001 - رقم الضبط
- حقل الضبط: 39255
003 - معرف رقم الضبط
- حقل الضبط: OSt
005 - تاريخ ووقت أخر عملية
- حقل الضبط: 20131103183654.0
008 - عناصر بيانات ثابتة الطول
- حقل تحكم ثابت الطول: 131103|||a|||||| | ||| d
040 ## - مصدر الفهرسة
- هيئة الفهرسة الأصلية: OSt
- وكالة الكتابة: OSt
100 ## - مدخل -- أسم شخص
- إسم شخص: Spencer, Brenda H.
670 ## - بيانات المصدر موجوده
- الاستشهاد بالمصدر: Work cat.: (OSt)0: Spencer, Brenda H., 35 strategies for developing content area vocabulary /, c2009.
